Essential obstetrics and gynaecology / (رقم التسجيلة. 35160)

تفاصيل مارك
000 -الفاتح
حقل البيانات ثابتة الطول 00947nam a22002657a 4500
003 - محدد رقم الضبط
رقم الضبط OSt
005 - وقت وتاريخ اخر تعامل مع التسجيلة
رقم الضبط 20150408114218.0
008 - عناصر البيانات ثابتة الطول - معلومات عامة
حقل البيانات ثابتة الطول 140517s2013 stka g b 001 0 eng d
020 ## - الرقم الدولى المعيارى للكتب
الرقم الدولى المعيارى للكتاب 9780702030765
040 ## - مصدر الفهرسة
وكالة الفهرسة الأصلية Ma-Un
082 00 - رقم تصنيف ديوى العشرى
رقم الطبعة 22
رقم التصنيف 618
رقم المادة ESO
245 00 - بيان العنوان
العنوان Essential obstetrics and gynaecology /
بيان المسئوليه,etc [edited by] Ian M. Symonds, Sabaratnam Arulkumaran ; editor emeritus, E. Malcolm Symonds.
250 ## - بيان الطبعة
بيان الطبعة 5th International Edition.
260 ## - PUBLICATION, DISTRIBUTION, ETC. (IMPRINT)
مكان الناشر او الموزع Edinburgh :
اسم الناشر او الموزع Churchill Livingstone/Elsevier,
تاريخ النشر أو التوزيع 2013
263 ## - تاريخ النشر المتوقع
تاريخ النشر المتوقع 1307
300 ## - الوصف المادى
التعداد x, 437 p. :
تفاصيل ماديه اخرى للوعاء ill. ;
أبعاد الوعاء 24 cm.
504 ## - تبصرة ببليوجرافية
تبصرة ببليوجرافية,الخ Includes bibliographical references and index.
650 ## - المدخل الاضافى بالموضوع-مصطلح موضوعى
مصطلح موضوعي أو اسم جغرافي كعنصر مدخل Genital Diseases, Female
650 ## - المدخل الاضافى بالموضوع-مصطلح موضوعى
مصطلح موضوعي أو اسم جغرافي كعنصر مدخل Obstetrics
700 1# - المدخل الاضافى - اسم شخصى
الإسم الشخصى Symonds, Ian M
9 (RLIN) 45326
700 1# - المدخل الاضافى - اسم شخصى
الإسم الشخصى Arulkumaran, Sabaratnam
9 (RLIN) 44614
700 1# - المدخل الاضافى - اسم شخصى
الإسم الشخصى Symonds, E. M.
الشكل الأكمل للاسم (Edwin Malcolm)
9 (RLIN) 45327
700 1# - المدخل الاضافى - اسم شخصى
الإسم الشخصى Symonds, E. M.
الشكل الأكمل للاسم (Edwin Malcolm)
عنوان العمل Essential obstetrics and gynaecology.
9 (RLIN) 45328
942 ## -
-- ddc
-- BOOK
999 ## -
-- 35160
-- 269660
المقتنيات
حالة الفقد نموذج السعر الفعال حالة تلف ليس للاعارة رقم الطلب رقم النسخة تاريخ الاكتساب مصدر التزويد Serial Enumeration / chronology الباركود الفرع الرئيسي Date last seen نوع المادة فى نظام كوها مصدر التصنيف او خطة الترفيف Total Checkouts Date last checked out Total Renewals
  2014-05-17   Not For Loan 618 ESO 1 2014-05-17 دار العرب CL 00210596 المكتبة المركزية بالمجمعة (CL) 2014-05-17 كتاب Dewey Decimal Classification      
  2014-05-17     618 ESO 2 2014-05-17 دار العرب CL 00210597 المكتبة المركزية بالمجمعة (CL) 2014-05-17 كتاب Dewey Decimal Classification      
  2014-05-17     618 ESO 3 2014-05-17 دار العرب CL 00210598 المكتبة المركزية بالمجمعة (CL) 2017-05-07 كتاب Dewey Decimal Classification 2 2017-04-13  
  2014-06-24     618 ESO 2 2014-06-24   CL 00307400 المكتبة المركزية بالمجمعة (CL) 2017-05-17 كتاب Dewey Decimal Classification 1 2017-04-13 1
  2014-06-24     618 ESO 1 2014-06-24   CL 00307401 المكتبة المركزية بالمجمعة (CL) 2017-05-17 كتاب Dewey Decimal Classification 3 2017-04-13